Heizwassernetze für Wohn- und Industriegebiete /
Guardado en:
| Autor principal: | |
|---|---|
| Formato: | Libro |
| Lenguaje: | alemán |
| Publicado: |
Berlin :
Verl.f.Bauwesen,
1985
|
| Etiquetas: |
Sin Etiquetas, Sea el primero en etiquetar este registro!
|
MARC
| LEADER | 00000nam a22000003a 4500 | ||
|---|---|---|---|
| 001 | stu29326 | ||
| 005 | 20150617225738.4 | ||
| 008 | 950613s1985----gw------------------ger-d | ||
| 040 | |a STU |b slo | ||
| 041 | 0 | |a ger | |
| 044 | |a gw | ||
| 080 | |a 697.34 | ||
| 100 | 1 | |a Glück, Bernd |4 aut | |
| 245 | 1 | |a Heizwassernetze für Wohn- und Industriegebiete / |c [aut]Glück,Bernd | |
| 260 | |a Berlin : |b Verl.f.Bauwesen, |c 1985 | ||
| 300 | |a 364 s | ||
| 996 | |c V*36276/O-15127 |l VV18 |s P |a 0 |w stu29326_0001 | ||